000
00307nam a22001337a 4500
008
171013b xxu||||| |||| 00| 0 eng d
020
_a
9780495504672
041
_a
eng
080
_2
4TH
_a
316
100
_a
51
101
_a
SOC
245
_a
SOCIETY, ETHICS, AND TECHNOLOGY
_c
WINSTON,M.E
942
_2
udc
_c
BK
999
_c
33704
_d
33704